[Event "AUTO-ADV-4708"]
[Site "http://www.queenalice.com/game.php?id=1836584"]
[Date "2024.5.10"]
[Round "2"]
[White "diegem"]
[Black "BeatifulDevil56"]
[Result "1/2-1/2"]
[WhiteElo "2102"]
[BlackElo "2246"]

1. e4 e5 2. Nf3 d6 3. h3 h6 4. Nc3 Nf6 5. Bc4 a6 6. O-O Be7 7. d3 Bd7 8. Nd5 O-O
9. Re1 Nxd5 10. Bxd5 c6 11. Bb3 c5 12. a3 Nc6 13. Nh2 Nd4 14. Ba2 Qc8 15. Be3
Be6 16. c3 Nc6 17. Qf3 Bxa2 18. Rxa2 Qe6 19. Raa1 Qg6 20. Qg4 Qxg4 21. Nxg4 f5
22. exf5 Rxf5 23. Bxh6 Rh5 24. Bd2 Rf8 25. Nh2 Rhf5 26. Ng4 Rh5 27. Be3 Kf7 28.
b4 Rb8 29. bxc5 Rd8 30. cxd6 Rxd6 31. Red1 b5 32. Bc5 Re6 33. Bxe7 Rxe7 34. Ne3
Rd7 35. c4 Nd4 36. cxb5 axb5 37. Kf1 Rh8 38. Ng4 Re8 39. Rac1 Ra7 40. Ra1 Ke6
41. Rdb1 Rea8 42. f3 Rxa3 43. Rxa3 Rxa3 44. Nf2 b4 45. Ke1 Ra2 46. Kf1 b3 47.
Ne4 Rc2 48. g4 Nxf3 49. Rxb3 Nd2+ 50. Nxd2 Rxd2 51. Kg1 Kd5 52. g5 Kd4 53. h4
Rxd3 54. Rxd3+ Kxd3 55. Kf2 Ke4 56. Kg3 Kf5 1/2-1/2

[Event "AUTO-ADV-4708"]
[Site "http://www.queenalice.com/game.php?id=1836585"]
[Date "2024.5.10"]
[Round "2"]
[White "BeatifulDevil56"]
[Black "diegem"]
[Result "0-1"]
[WhiteElo "2107"]
[BlackElo "2055"]

1. e4 e5 2. Nf3 Nc6 3. d4 exd4 4. Nxd4 d6 5. Nxc6 bxc6 6. Nc3 h6 7. Be3 Nf6 8.
h3 Be7 9. Bd3 O-O 10. Qc1 a5 11. Bxh6 gxh6 12. Qxh6 Ba6 13. O-O-O Nh7 14. Kb1
Bh4 15. e5 Bxd3 16. Rxd3 Bxf2 17. Ne4 Qh4 18. Qxh4 Bxh4 19. g3 Be7 20. exd6 cxd6
21. Nxd6 Bxd6 22. Rxd6 Rac8 23. b3 Rfe8 24. Rd3 Nf6 25. Rf1 Kg7 26. Rd6 Re6 27.
Rxe6 fxe6 28. c4 Rd8 29. Re1 Kf7 30. Kc2 c5 31. g4 Rd4 32. a3 Re4 33. Rxe4 Nxe4
0-1

[Event "AUTO-ADV-4708"]
[Site "http://www.queenalice.com/game.php?id=1836586"]
[Date "2024.5.10"]
[Round "2"]
[White "diegem"]
[Black "AranchiA12"]
[Result "1-0"]
[WhiteElo "2093"]
[BlackElo "1919"]

1. e4 c5 2. Nf3 d6 3. h3 Nc6 4. Bb5 Nf6 5. Nc3 Bd7 6. Bxc6 Bxc6 7. d3 g6 8. O-O
Bg7 9. Bg5 O-O 10. Rb1 a5 11. a3 Nd7 12. Re1 b5 13. Nd5 Re8 14. Qd2 Ra7 15. Bh6
Bh8 16. c3 Nb6 17. Nxb6 Qxb6 18. Qf4 e5 19. Qd2 d5 20. exd5 Bxd5 21. d4 e4 22.
dxc5 Qxc5 23. Nd4 b4 24. axb4 axb4 25. Be3 Ra2 26. cxb4 Qf8 27. Rec1 Rb8 28. b5
Bxd4 29. Qxd4 Rxb5 30. Bd2 Ra6 31. Bc3 f6 32. Re1 Qc5 33. Qxc5 Rxc5 34. Ra1 Rxa1
35. Rxa1 f5 36. Ra7 Kf8 37. Bb4 Kg8 38. Bxc5 h5 39. b4 Bc4 40. Kh2 1-0

[Event "AUTO-ADV-4708"]
[Site "http://www.queenalice.com/game.php?id=1836587"]
[Date "2024.5.10"]
[Round "2"]
[White "AranchiA12"]
[Black "diegem"]
[Result "0-1"]
[WhiteElo "1891"]
[BlackElo "2085"]

1. e4 e5 2. Nc3 Nf6 3. Nf3 Nc6 4. Bb5 d6 5. O-O Be7 6. d4 exd4 7. Nxd4 Bd7 8.
Bf4 O-O 9. Qd2 Nxd4 10. Bxd7 Nf3+ 11. gxf3 Qxd7 12. Kh1 Qh3 13. Qd3 Nh5 14. Nd5
Bd8 15. Rg1 c6 16. Ne3 Nxf4 17. Rg3 Qxg3 18. fxg3 Nxd3 19. cxd3 Bb6 20. Nc2 Rfe8
21. Kg2 Rad8 22. b4 d5 23. a4 dxe4 24. fxe4 Rxd3 25. Ne1 Re3 26. Kf2 R3xe4+ 27.
Kf3 Rxe1 28. Ra2 R1e3+ 29. Kf4 R3e4+ 30. Kf3 Rxb4 31. a5 Bc7 32. a6 bxa6 33.
Rxa6 Bb6 34. Ra2 h6 35. h3 Rb3+ 36. Kf4 Ree3 37. Ra4 Rxg3 38. h4 Rh3 39. Kg4 Bf2
40. Ra5 Rxh4+ 41. Kf5 Rf3+ 42. Ke5 Bg3# 0-1

[Event "Challenge"]
[Site "http://www.queenalice.com/game.php?id=1838456"]
[Date "2024.6.11"]
[Round "-"]
[White "jogo"]
[Black "diegem"]
[Result "0-1"]
[WhiteElo "1835"]
[BlackElo "2073"]

1. e4 e5 2. d4 exd4 3. Qxd4 Nc6 4. Qe3 d6 5. c4 Nf6 6. Nc3 Be7 7. Bd2 O-O 8.
O-O-O Re8 9. a3 Ng4 10. Qg3 Bg5 11. Bxg5 Qxg5+ 12. f4 Qc5 13. Nh3 Nf6 14. Bd3 a6
15. Be2 Nxe4 16. Nxe4 Rxe4 17. Bd3 Re3 18. Qh4 Bf5 19. Bxf5 Qxf5 20. Rd5 Qe4 21.
Ng5 Qg6 22. f5 Qh6 23. Qxh6 gxh6 24. Nf3 Ne7 25. Rdd1 Nxf5 26. Rhe1 Rae8 27.
Rxe3 Nxe3 28. Re1 Kf8 29. g3 Nxc4 30. Rxe8+ Kxe8 31. Kc2 Ke7 32. Kc3 Ne5 33.
Nxe5 dxe5 34. Kd3 f5 35. h3 h5 36. Ke3 Kd6 37. b3 Kc5 38. Kd3 a5 39. Ke3 Kd5 40.
Kd3 c5 41. a4 h6 42. h4 b6 0-1

[Event "Challenge"]
[Site "http://www.queenalice.com/game.php?id=1838457"]
[Date "2024.6.11"]
[Round "-"]
[White "diegem"]
[Black "jogo"]
[Result "1-0"]
[WhiteElo "2079"]
[BlackElo "1818"]

1. e4 e5 2. Nf3 Nf6 3. Nxe5 d6 4. Nf3 Nxe4 5. Qe2 Qe7 6. d3 Nf6 7. Be3 Ng4 8.
Bd4 Qxe2+ 9. Bxe2 c5 10. Bc3 Be7 11. Bxg7 Rg8 12. Bc3 Bf6 13. O-O Bxc3 14. Nxc3
Nc6 15. Nd5 Kd8 16. Nd2 Nge5 17. Rfe1 Nd4 18. Rac1 Bh3 19. g3 Be6 20. Nc3 b5 21.
Nce4 Kc7 22. a3 f5 23. Nf6 Rg6 24. Nh5 Bd5 25. Nf4 Bc6 26. Nxg6 hxg6 27. c3
Nxe2+ 28. Rxe2 Nxd3 29. Rb1 Ne5 30. f4 Nf3+ 31. Nxf3 Bxf3 32. Re7+ Kb6 33. Re6
Rd8 34. Rxg6 Bh5 35. Rg5 Bg4 36. Kg2 Rh8 37. Rh1 Bh3+ 38. Kf2 Ka5 39. Rg6 Rd8
40. Rh6 1-0